Caserón de teja: ensayos sobre patrimonio y cultura (Registro nro. 12550)
[ vista simple ]
| 000 -CABECERA | |
|---|---|
| campo de control de longitud fija | 00547nam a22002177a 4500 |
| 005 - FECHA Y HORA DE ACTUALIZACIÓN | |
| campo de control | 20200113110647.0 |
| 008 - LONGITUD FIJA | |
| campo de control de longitud fija | 200113b xxu||||| |||| 00| 0 spa d |
| 020 ## - INTERNATIONAL STANDARD BOOK NUMBER | |
| Número Internacional Estándar del Libro | 9977942382 |
| 041 ## - IDIOMA | |
| Código de idioma del texto/pista de sonido o título separado | |
| 082 ## - CLASIFICACIÓN DECIMAL DEWEY | |
| Número de clasificación | 398.2 B296c |
| 100 ## - AUTOR PERSONAL | |
| Nombre de persona | Barzuna, Guillermo |
| 245 ## - TÍTULO PROPIAMENTE DICHO | |
| Título | Caserón de teja: ensayos sobre patrimonio y cultura |
| 260 ## - PIE DE IMPRENTA | |
| Lugar de publicación, distribución, etc. | Costa Rica |
| 260 ## - PIE DE IMPRENTA | |
| Nombre del editor, distribuidor, etc. | Nueva Decada |
| 260 ## - PIE DE IMPRENTA | |
| Fecha de publicación, distribución, etc. | 1989 |
| 300 ## - DESCRIPCIÓN FÍSICA | |
| Extensión | 90 páginas |
| 650 ## - Materia General | |
| Materia general | CULTURA POPULAR |
| 650 ## - Materia General | |
| Materia general | PATRIMONIO |
| 650 ## - Materia General | |
| Materia general | FOLCLOR |
| 942 ## - Punto de Acceso Adicional Koha | |
| Tipo de ítem Koha | Libro |
| Estado perdido | Estado dañado | No para préstamo | Biblioteca permanente | Biblioteca actual | Signatura completa | Código de barras | Precio efectivo a partir del | Tipo de ítem |
|---|---|---|---|---|---|---|---|---|
| Departamento de Biblioteca y Documentación Alfonso Chase Brenes | Departamento de Biblioteca y Documentación Alfonso Chase Brenes | 398.2 B296c | 7901 | 13/01/2020 | Libro |